Statistics for Countries with the Lowest Population Density

Click here to take the quiz!

General Stats

  • This quiz has been taken 75,853 times
    (34,729 since last reset)
  • The average score is 15 of 24

Answer Stats

DensityCountry% Correct
8.54Russia
95%
3.78Canada
94%
3.32Australia
93%
2.10Mongolia
91%
6.89Kazakhstan
83%
16.7Norway
76%
16.4Finland
75%
16.2Saudi Arabia
71%
12.8Chad
71%
16.3Argentina
71%
3.91Libya
68%
16.3Mali
66%
3.31Iceland
64%
16.1Republic of the Congo
61%
3.08Namibia
60%
12.4Turkmenistan
60%
4.51Mauritania
59%
10.6Bolivia
49%
4.04Botswana
47%
7.75Central African Republic
47%
16.5Oman
46%
3.58Suriname
28%
3.66Guyana
27%
8.32Gabon
23%

Score Distribution

Percentile by Number Answered

Percent of People with Each Score

Your Score History

You have not taken this quiz since the last reset